000 00491nam a2200205Ia 4500
999 _c50492
_d50492
001 17441
003 GE_BSU
005 20200226114855.0
008 181216s2005||||enk|||||||||||||| ||eng||
020 _a006273099
040 _cGE_BSU
041 _aeng
080 _a575(036) G-63
100 _aGonick, Larry
_97473
245 4 _aThe carton Guide Genetics /
_cLarry Gonick.
264 _aNew York,
_c2005.
300 _a215 p.
653 _aThe carton Guide Genetics
942 _cBK
_2udc